| 000 | 00496cam a2200205ua 4500 | ||
|---|---|---|---|
| 020 | _c6.00 | ||
| 041 |
_aeng _h |
||
| 082 |
_a823.308 _bAUS/PR |
||
| 100 | _aAusten, Jane . | ||
| 245 |
_aPride and Prejudice / _cJane Austen. _hTextual Documents |
||
| 250 |
_a / _b. |
||
| 260 |
_aBombay : _bK.and.J Cooper Educational Publishers , _c1960. |
||
| 300 | _a353 ; . | ||
| 365 | _a6.00 | ||
| 504 | _a | ||
| 942 | _cBK | ||
| 999 |
_c884 _d884 |
||